[Event "Warsaw Najdorf Memorial op-A"]
[Site "Warsaw"]
[Date "2023.07.14"]
[Round "4"]
[White "Dalkowski, Rafal"]
[Black "Lisowski, Krzysztof"]
[Result "0-1"]
[WhiteElo "2025"]
[BlackElo "2128"]
[PlyCount "104"]
[EventDate "2023.07.11"]
[EventType "swiss"]
[EventRounds "9"]
[EventCountry "POL"]
[SourceTitle "EXT 2024"]
[Source "ChessBase"]
[SourceDate "2023.10.10"]
[SourceVersion "1"]
[SourceVersionDate "2023.10.10"]
[SourceQuality "1"]

1. d4 Nf6 2. c4 e6 3. Nf3 d5 4. Nc3 Bb4 5. Bg5 h6 6. Bxf6 Qxf6 7. e3 0-0 8. Qb3 c5 9. dxc5 Bxc3+ 10. Qxc3 Qxc3+ 11. bxc3 dxc4 12. Bxc4 Nd7 13. c6 bxc6 14. Ke2 Nb6 15. Bd3 Na4 16. Rhc1 Rb8 17. Rab1 Rxb1 18. Bxb1 Rd8 19. Be4 Ba6+ 20. c4 Nb2 21. Nd2 c5 22. Rc2 Rb8 23. Bc6 Rb4 24. a3 Rb6 25. Be4 Kf8 26. Bd3 Ke7 27. Ne4 Na4 28. Nc3 Nb2 29. Ne4 Na4 30. Nc3 Nxc3+ 31. Rxc3 Rb2+ 32. Bc2 f5 33. Kd2 Bb7 34. f3 g5 35. Rb3 Rxb3 36. Bxb3 h5 37. Bd1 h4 38. Kd3 Kf6 39. Be2 Ke5 40. Bd1 Bc6 41. Bb3 h3 42. g3 Bxf3 43. Ba4 Be4+ 44. Ke2 Kd6 45. Be8 Bc6 46. Bf7 Ke7 47. Bh5 Kf6 48. Kd2 g4 49. Ke2 e5 50. Kf2 Bd7 51. e4 f4 52. Kg1 Be6 0-1

[Event "Krakow op-A 33rd"]
[Site "Krakow"]
[Date "2022.12.30"]
[Round "4"]
[White "Dzwierzynski, Bartosz"]
[Black "Lisowski, Krzysztof"]
[Result "1/2-1/2"]
[WhiteElo "2123"]
[BlackElo "2136"]
[PlyCount "27"]
[EventDate "2022.12.27"]
[EventType "swiss"]
[EventRounds "9"]
[EventCountry "POL"]
[SourceTitle "CBM 212 Extra"]
[Source "ChessBase"]
[SourceDate "2023.03.31"]
[SourceVersion "1"]
[SourceVersionDate "2023.03.31"]
[SourceQuality "1"]

1. d4 Nf6 2. c4 e6 3. Nc3 Bb4 4. f3 c5 5. d5 b5 6. e4 d6 7. Bd3 0-0 8. Nge2 bxc4 9. Bxc4 exd5 10. Bxd5 Nxd5 11. Qxd5 Be6 12. Qd1 d5 13. exd5 Bxd5 14. Kf2 1/2-1/2

[Event "Krakow op-A 33rd"]
[Site "Krakow"]
[Date "2022.12.29"]
[Round "3"]
[White "Lisowski, Krzysztof"]
[Black "Bus, Konrad"]
[Result "0-1"]
[WhiteElo "2136"]
[BlackElo "2218"]
[PlyCount "86"]
[EventDate "2022.12.27"]
[EventType "swiss"]
[EventRounds "9"]
[EventCountry "POL"]
[SourceTitle "CBM 212 Extra"]
[Source "ChessBase"]
[SourceDate "2023.03.31"]
[SourceVersion "1"]
[SourceVersionDate "2023.03.31"]
[SourceQuality "1"]

1. d4 Nf6 2. c4 e6 3. Nc3 Bb4 4. e3 c5 5. Nge2 cxd4 6. exd4 d5 7. c5 Ne4 8. Bd2 Nxd2 9. Qxd2 Qf6 10. a3 Ba5 11. b4 Bd8 12. f4 0-0 13. g3 b6 14. Bg2 bxc5 15. dxc5 Nc6 16. 0-0 g6 17. Rac1 Rb8 18. Rfd1 Bd7 19. Ne4 Qe7 20. Nd6 Bc7 21. Nc4 Rfc8 22. Ne3 a5 23. Rb1 axb4 24. axb4 Nxb4 25. Rxb4 Ba5 26. Rxb8 Bxd2 27. Rxc8+ Bxc8 28. Rxd2 Qxc5 29. Kf2 Ba6 30. Nd4 Qc3 31. Nf3 Bd3 32. Ra2 Be4 33. Ne5 Bb1 34. Ra8+ Kg7 35. Ra7 Qd2+ 36. Kf3 Be4+ 37. Kg4 Qxe3 38. Rxf7+ Kg8 39. Bxe4 dxe4 40. Kg5 Qd2 41. Ra7 Qd8+ 42. Kg4 e3 43. Nf7 Qd1+ 0-1

[Event "Suwalki Warakomska Memorial 6th"]
[Site "Suwalki"]
[Date "2022.08.07"]
[Round "6"]
[White "Lisowski, Krzysztof"]
[Black "Kulon, Klaudia"]
[Result "1/2-1/2"]
[WhiteElo "2126"]
[BlackElo "2265"]
[PlyCount "119"]
[EventDate "2022.08.03"]
[EventType "swiss"]
[EventRounds "9"]
[EventCountry "POL"]
[SourceTitle "CBM 209 Extra"]
[Source "ChessBase"]
[SourceDate "2022.09.30"]
[SourceVersion "1"]
[SourceVersionDate "2022.09.30"]
[SourceQuality "1"]

1. e4 e5 2. Bc4 Nf6 3. d3 c6 4. Nf3 d5 5. Bb3 Bd6 6. 0-0 h6 7. exd5 cxd5 8. Nxe5 Bxe5 9. Re1 Qe7 10. d4 Bxh2+ 11. Kxh2 Be6 12. Kg1 0-0 13. Nc3 Qd6 14. Qf3 Nc6 15. Bf4 Qd7 16. Be5 Ne4 17. Nxe4 dxe4 18. Qxe4 Bxb3 19. axb3 f6 20. Bf4 Qxd4 21. c3 Qxe4 22. Rxe4 Rfe8 23. Rxe8+ Rxe8 24. Be3 Rd8 25. Kf1 a6 26. Ke2 Kf7 27. Ra4 g5 28. Ra1 h5 29. Rh1 Kg6 30. Rc1 h4 31. b4 Ne5 32. c4 f5 33. Bb6 Rc8 34. b3 g4 35. Rd1 h3 36. gxh3 gxh3 37. Rh1 Re8 38. Rxh3 Nxc4+ 39. Be3 Nxe3 40. fxe3 Re4 41. b5 a5 42. Kd3 Rb4 43. Kc3 Rxb5 44. Rh8 Kf6 45. Rb8 Ke5 46. Kc4 Rb6 47. Ra8 Rb4+ 48. Kc3 b6 49. Re8+ Kd6 50. Rd8+ Kc7 51. Rd5 f4 52. exf4 Rxf4 53. Kb2 Kc6 54. Rh5 b5 55. Rh2 Kc5 56. Rg2 Re4 57. Rg5+ Kb4 58. Rg2 Rh4 59. Rf2 Re4 60. Rh2 1/2-1/2

[Event "Krakow op-A 32nd"]
[Site "Krakow"]
[Date "2022.01.02"]
[Round "6"]
[White "Lisowski, Krzysztof"]
[Black "Kyc, Jerzy"]
[Result "1/2-1/2"]
[WhiteElo "2142"]
[BlackElo "2250"]
[PlyCount "119"]
[EventDate "2021.12.27"]
[EventType "swiss"]
[EventRounds "9"]
[EventCountry "POL"]
[SourceTitle "EXT 2023"]
[Source "ChessBase"]
[SourceDate "2022.10.05"]
[SourceVersion "1"]
[SourceVersionDate "2022.10.05"]
[SourceQuality "1"]

1. e4 c5 2. Be2 e6 3. d3 d5 4. f4 Nc6 5. Nf3 dxe4 6. dxe4 Qxd1+ 7. Bxd1 b6 8. c3 Bb7 9. Nbd2 Be7 10. Kf2 0-0-0 11. h3 h5 12. Nc4 h4 13. Bc2 Nf6 14. a4 Kc7 15. Re1 a6 16. a5 b5 17. Nce5 Nxe5 18. Nxe5 Rhf8 19. Kf3 Nd7 20. Nxd7 Rxd7 21. Kf2 g5 22. fxg5 Rg8 23. Be3 c4 24. Rad1 Bxg5 25. Bb6+ Kc8 26. Rxd7 Kxd7 27. Rd1+ Kc8 28. Kf3 f5 29. Ke2 fxe4 30. Rf1 Bh6 31. Rf6 Bc1 32. b3 Rxg2+ 33. Kd1 Bg5 34. Rf8+ Kd7 35. Rf7+ Ke8 36. Rxb7 Rd2+ 37. Ke1 Rxc2 38. bxc4 bxc4 39. Ra7 Rxc3 40. Rxa6 Rxh3 41. Ra8+ Kf7 42. a6 Ra3 43. a7 h3 44. Kf2 Bh4+ 45. Kg1 Bg3 46. Rf8+ Kg6 47. a8Q Rxa8 48. Rxa8 Kf5 49. Rc8 Bf4 50. Rxc4 e3 51. Ba5 Bg3 52. Kf1 Bf2 53. Bc7 e5 54. Rc5 Bg3 55. Ke2 h2 56. Rc1 Bf4 57. Bb6 Kg4 58. Rh1 Kg3 59. Bxe3 Kg2 60. Bxf4 1/2-1/2

[Event "Krakow op-A 32nd"]
[Site "Krakow"]
[Date "2021.12.27"]
[Round "1"]
[White "Lisowski, Krzysztof"]
[Black "Koziorowicz, Michal"]
[Result "1/2-1/2"]
[WhiteElo "2142"]
[BlackElo "2309"]
[PlyCount "71"]
[EventDate "2021.12.27"]
[EventType "swiss"]
[EventRounds "9"]
[EventCountry "POL"]
[SourceTitle "EXT 2023"]
[Source "ChessBase"]
[SourceDate "2022.10.05"]
[SourceVersion "1"]
[SourceVersionDate "2022.10.05"]
[SourceQuality "1"]

1. e4 c5 2. d3 g6 3. g3 Bg7 4. Bg2 Nc6 5. f4 b5 6. Nf3 Bb7 7. 0-0 d6 8. c3 Qb6 9. Be3 b4 10. Qc2 Nf6 11. h3 0-0 12. Qf2 bxc3 13. bxc3 Ba6 14. Rd1 Rab8 15. Rd2 Rfc8 16. g4 Qa5 17. Qh4 Nd7 18. Ng5 Nf8 19. e5 dxe5 20. f5 Nd8 21. Be4 c4 22. Rf2 f6 23. Nxh7 Nxh7 24. fxg6 Nf8 25. g5 Bb7 26. Nd2 Qxc3 27. Raf1 Bxe4 28. Nxe4 Qxd3 29. gxf6 exf6 30. Nxf6+ Bxf6 31. Qxf6 Nde6 32. Qf7+ Kh8 33. Qf6+ Kg8 34. Qf7+ Kh8 35. Qf6+ Kg8 36. Qf7+ 1/2-1/2

[Event "Warsaw Najdorf Memorial op-A"]
[Site "Warsaw"]
[Date "2021.07.12"]
[Round "3"]
[White "Kjartansson, Gudmundur"]
[Black "Lisowski, Krzysztof"]
[Result "1-0"]
[WhiteElo "2496"]
[BlackElo "2170"]
[PlyCount "73"]
[EventDate "2021.07.10"]
[EventType "swiss"]
[EventRounds "9"]
[EventCountry "POL"]
[SourceTitle "CBM 203 Extra"]
[Source "ChessBase"]
[SourceDate "2021.09.30"]
[SourceVersion "1"]
[SourceVersionDate "2021.09.30"]
[SourceQuality "1"]

1. c4 e6 2. Nc3 d5 3. d4 Nf6 4. cxd5 exd5 5. Bg5 Be7 6. e3 c6 7. Bd3 Nbd7 8. Nge2 Nf8 9. Qc2 Ne6 10. Bh4 g6 11. 0-0 0-0 12. f3 b6 13. Rad1 Bb7 14. Kh1 Rc8 15. Qc1 Nh5 16. Bf2 c5 17. dxc5 Bxc5 18. Bc2 Qc7 19. Bb3 Nf6 20. Bxd5 Ba6 21. Bg3 Qe7 22. e4 Bb4 23. Rfe1 Nh5 24. Qe3 Bc5 25. Qh6 Nxg3+ 26. hxg3 Bf2 27. Rf1 Rxc3 28. Rxf2 Rc2 29. Rd2 Qc5 30. Nc3 Rc1+ 31. Kh2 Qc7 32. Bxe6 fxe6 33. Rd4 Rf1 34. Rfd2 Bc8 35. Qg5 Qc5 36. Qxc5 bxc5 37. Rc4 1-0

[Event "Krakow op-A 31st"]
[Site "Krakow"]
[Date "2020.12.30"]
[Round "4"]
[White "Kozak, Antoni"]
[Black "Lisowski, Krzysztof"]
[Result "1-0"]
[WhiteElo "2375"]
[BlackElo "2198"]
[PlyCount "41"]
[EventDate "2020.12.27"]
[EventType "swiss"]
[EventRounds "9"]
[EventCountry "POL"]
[SourceTitle "CBM 200 Extra"]
[Source "ChessBase"]
[SourceDate "2021.03.31"]
[SourceVersion "1"]
[SourceVersionDate "2021.03.31"]
[SourceQuality "1"]

1. d4 Nf6 2. Nf3 e6 3. e3 d5 4. Bd3 c5 5. b3 Nc6 6. Bb2 Be7 7. 0-0 0-0 8. Nbd2 b6 9. Ne5 Nxe5 10. dxe5 Nd7 11. f4 g6 12. c4 Bb7 13. Qg4 dxc4 14. Nxc4 b5 15. Nd6 Bxd6 16. exd6 Qb6 17. f5 c4 18. fxg6 Qxe3+ 19. Kh1 fxg6 20. Bxg6 Ne5 21. Qxe6+ 1-0

[Event "Prague op"]
[Site "Prague"]
[Date "2020.02.19"]
[Round "6"]
[White "Neuman, Petr"]
[Black "Lisowski, Krzysztof"]
[Result "1-0"]
[WhiteElo "2370"]
[BlackElo "2197"]
[PlyCount "99"]
[EventDate "2020.02.14"]
[EventType "swiss"]
[EventRounds "9"]
[EventCountry "CZE"]
[SourceTitle "CBM 195 Extra"]
[Source "ChessBase"]
[SourceDate "2020.05.31"]
[SourceVersion "1"]
[SourceVersionDate "2020.05.31"]
[SourceQuality "1"]

1. e4 c5 2. Nc3 Nc6 3. Bb5 Nd4 4. Bc4 e6 5. Nf3 a6 6. d3 b5 7. Bb3 Nxb3 8. axb3 Bb7 9. Bg5 Qc7 10. 0-0 Ne7 11. Bh4 Ng6 12. Bg3 Qb6 13. Nd2 Be7 14. f3 0-0 15. Bf2 Qc7 16. Re1 Bd6 17. Nf1 f5 18. Ng3 f4 19. Nf1 Ne5 20. Ne2 Rac8 21. c3 Nc6 22. d4 cxd4 23. Nxd4 Be5 24. b4 Rfd8 25. Nxc6 Qxc6 26. Bd4 Bb8 27. Nd2 e5 28. Bf2 d5 29. exd5 Qxd5 30. Qb3 Kh8 31. Qxd5 Bxd5 32. Rxa6 Bb7 33. Rb6 Bc6 34. Nb3 Ba7 35. Ra6 Bxf2+ 36. Kxf2 Bd5 37. Nc5 Bc4 38. Ne4 Rd3 39. Rd6 Rd8 40. Rxd3 Rxd3 41. g3 h6 42. Re2 Rd1 43. Rd2 Rf1+ 44. Kg2 Rb1 45. Nd6 Bf1+ 46. Kf2 Bh3 47. Nf7+ Kh7 48. Nxe5 g5 49. gxf4 gxf4 50. Nd3 1-0

[Event "Krakow op-A 30th"]
[Site "Krakow"]
[Date "2020.01.02"]
[Round "7"]
[White "Lisowski, Krzysztof"]
[Black "Antolak, Julia"]
[Result "0-1"]
[WhiteElo "2176"]
[BlackElo "2249"]
[PlyCount "108"]
[EventDate "2019.12.27"]
[EventType "swiss"]
[EventRounds "9"]
[EventCountry "POL"]
[SourceTitle "CBM 195 Extra"]
[Source "ChessBase"]
[SourceDate "2020.05.31"]
[SourceVersion "1"]
[SourceVersionDate "2020.05.31"]
[SourceQuality "1"]

1. e4 c5 2. d3 e6 3. g3 d5 4. exd5 exd5 5. Bg2 Nc6 6. Nc3 d4 7. Nd5 Bd6 8. Ne2 Nge7 9. Nef4 0-0 10. 0-0 Ng6 11. Re1 Nce5 12. h3 Bd7 13. Bd2 Bc6 14. Qh5 Nxf4 15. Bxf4 Ng6 16. Bd2 Qd7 17. Re2 Rfe8 18. Rae1 Rxe2 19. Rxe2 Rd8 20. Bg5 Re8 21. Bd2 Re6 22. Kf1 Be5 23. Nf4 Nxf4 24. Bxf4 Bxf4 25. gxf4 Rh6 26. Bxc6 Qxc6 27. Qd5 Qc8 28. Qf5 Re6 29. Re5 b6 30. Qg4 Qc6 31. Qg2 Qxg2+ 32. Kxg2 Rxe5 33. fxe5 Kf8 34. c3 dxc3 35. bxc3 b5 36. Kf3 a5 37. Ke4 b4 38. cxb4 cxb4 39. Kd4 Ke7 40. Kc4 Ke6 41. Kb5 Kxe5 42. Kxa5 g5 43. Kxb4 h5 44. Kc3 h4 45. Kd2 g4 46. Ke2 f5 47. a4 Kd4 48. hxg4 fxg4 49. f4 h3 50. Kf2 h2 51. Kg2 g3 52. f5 Ke3 53. f6 h1Q+ 54. Kxh1 Kf2 0-1

[Event "Figueira da Foz op 13th"]
[Site "Figueira da Foz"]
[Date "2019.11.01"]
[Round "7"]
[White "Fonseca, Rene Gil Bakker"]
[Black "Lisowski, Krzysztof"]
[Result "0-1"]
[WhiteElo "1338"]
[BlackElo "2179"]
[PlyCount "84"]
[EventDate "2019.10.27"]
[EventType "swiss"]
[EventRounds "9"]
[EventCountry "POR"]
[SourceTitle "CBM 192 Extra"]
[Source "Chessbase"]
[SourceDate "2019.11.06"]
[SourceVersion "1"]
[SourceVersionDate "2019.11.06"]
[SourceQuality "1"]

1. e4 c5 2. Nf3 Nc6 3. Bb5 g6 4. Bxc6 dxc6 5. d3 Bg7 6. h3 Nf6 7. 0-0 h6 8. Be3 Nd7 9. Nc3 e5 10. Qd2 b6 11. a4 a5 12. Ne2 f5 13. exf5 gxf5 14. Qc1 Kf7 15. Bd2 f4 16. Nc3 Nf8 17. Ne4 Ne6 18. Bc3 Nd4 19. Bxd4 cxd4 20. Re1 Be6 21. Qd1 Re8 22. Nfd2 Kg6 23. Nf1 Rf8 24. Nh2 Ra7 25. Qf3 Raf7 26. Nd2 Bd5 27. Qg4+ Kh7 28. Ne4 Bh8 29. Qf3 Rg8 30. Qh5 Rg6 31. Ng4 Be6 32. Nxe5 Bxe5 33. Qxe5 Bxh3 34. g3 Rf5 35. Nf6+ Qxf6 36. Qc7+ Rg7 37. Qc8 Rh5 38. Qe8 fxg3 39. Qe4+ Bf5 40. Qf3 gxf2+ 41. Kxf2 Rh2+ 42. Kf1 Bh3# 0-1

[Event "Suwalki Warakomska Memorial op 3rd"]
[Site "Suwalki"]
[Date "2019.08.09"]
[Round "6"]
[White "Koziol, Kamil"]
[Black "Lisowski, Krzysztof"]
[Result "1-0"]
[WhiteElo "2307"]
[BlackElo "2188"]
[PlyCount "83"]
[EventDate "2019.08.05"]
[EventType "swiss"]
[EventRounds "9"]
[EventCountry "POL"]
[SourceTitle "CBM 191 Extra"]
[Source "ChessBase"]
[SourceDate "2019.09.30"]
[SourceVersion "1"]
[SourceVersionDate "2019.09.30"]
[SourceQuality "1"]

1. c4 e6 2. Nc3 Nf6 3. e4 d5 4. e5 d4 5. exf6 dxc3 6. bxc3 Qxf6 7. d4 e5 8. Nf3 exd4 9. Bg5 Qe6+ 10. Be2 Be7 11. Bxe7 d3 12. Qxd3 Qxe7 13. 0-0 0-0 14. Rab1 Nd7 15. Rfe1 Nc5 16. Qd5 Be6 17. Qh5 Rad8 18. Nd4 g6 19. Qh6 Qf6 20. Bf1 Bc8 21. Re3 c6 22. Rbe1 Qg7 23. Qh4 h6 24. Qe7 Ne6 25. Nxe6 fxe6 26. Qc5 Rd2 27. R1e2 Rxe2 28. Bxe2 a6 29. h4 Qf6 30. Rf3 Qd8 31. Rg3 Kg7 32. Bd3 Rf6 33. Qe5 Kf7 34. Qe4 Qg8 35. f4 h5 36. Qd4 Qf8 37. Rg5 Qe8 38. g4 hxg4 39. h5 gxh5 40. Rxh5 Ke7 41. Rh7+ Rf7 42. Rh8 1-0

[Event "Suwalki Warakomska Memorial op 3rd"]
[Site "Suwalki"]
[Date "2019.08.07"]
[Round "3"]
[White "Paszewski, Mateusz"]
[Black "Lisowski, Krzysztof"]
[Result "1/2-1/2"]
[WhiteElo "2329"]
[BlackElo "2188"]
[PlyCount "69"]
[EventDate "2019.08.05"]
[EventType "swiss"]
[EventRounds "9"]
[EventCountry "POL"]
[SourceTitle "CBM 191 Extra"]
[Source "ChessBase"]
[SourceDate "2019.09.30"]
[SourceVersion "1"]
[SourceVersionDate "2019.09.30"]
[SourceQuality "1"]

1. d4 Nf6 2. c4 e6 3. Nc3 Bb4 4. f3 d5 5. a3 Bxc3+ 6. bxc3 0-0 7. cxd5 exd5 8. e3 Bf5 9. Bd3 Bxd3 10. Qxd3 c5 11. Ne2 Nc6 12. 0-0 Re8 13. Ng3 Rc8 14. Ra2 Rc7 15. Re2 Rce7 16. Nf5 Re6 17. g4 g6 18. Ng3 Na5 19. Qd1 Nc4 20. g5 Nd7 21. e4 Qa5 22. Qd3 Ndb6 23. Rfe1 Qb5 24. Qc2 Rc8 25. exd5 Rxe2 26. Qxe2 cxd4 27. Ne4 Nxd5 28. cxd4 Qb6 29. Nc5 Nd6 30. Qa2 Qc6 31. Ne4 Nc4 32. Nc5 Nd6 33. Ne4 Nc4 34. Nc5 Nd6 35. Nd7 1/2-1/2

[Event "Warsaw Najdorf Memorial op-A 17th"]
[Site "Warsaw"]
[Date "2019.07.11"]
[Round "6"]
[White "Lisowski, Krzysztof"]
[Black "Gukesh, Dommaraju"]
[Result "0-1"]
[WhiteElo "2187"]
[BlackElo "2520"]
[PlyCount "98"]
[EventDate "2019.07.06"]
[EventType "swiss"]
[EventRounds "9"]
[EventCountry "POL"]
[SourceTitle "CBM 191 Extra"]
[Source "ChessBase"]
[SourceDate "2019.09.30"]
[SourceVersion "1"]
[SourceVersionDate "2019.09.30"]
[SourceQuality "1"]

1. e4 c5 2. Nf3 Nc6 3. Bb5 g6 4. Bxc6 dxc6 5. d3 Bg7 6. h3 Nf6 7. Nc3 Nd7 8. Be3 e5 9. Qd2 h6 10. 0-0 b6 11. Nh2 Nf8 12. f4 exf4 13. Bxf4 Ne6 14. Be3 Nd4 15. Nd1 Be6 16. c3 Nb5 17. a4 Nd6 18. Nf2 a5 19. b4 axb4 20. cxb4 cxb4 21. Qxb4 c5 22. Qd2 g5 23. Qc1 f5 24. Bd2 fxe4 25. Bc3 0-0 26. Bxg7 Kxg7 27. Qb2+ Qf6 28. Qxf6+ Rxf6 29. dxe4 Rf7 30. Nf3 Rfa7 31. h4 g4 32. Ne5 Rxa4 33. Rad1 Nxe4 34. Nfxg4 Rd4 35. Rxd4 cxd4 36. Rf4 Nc3 37. Kh2 Ne2 38. Rf2 Bxg4 39. Nxg4 d3 40. Ne5 Ra4 41. Nf3 b5 42. Kh3 Ra1 43. Kg4 b4 44. Nd2 Ra2 45. Nc4 d2 46. Ne3 b3 47. Rf5 b2 48. Rb5 Ra4+ 49. Kh3 Ra3 0-1

[Event "Warsaw Najdorf Memorial op-A 17th"]
[Site "Warsaw"]
[Date "2019.07.07"]
[Round "2"]
[White "Lisowski, Krzysztof"]
[Black "Choroszej, Aleksander"]
[Result "1-0"]
[WhiteElo "2187"]
[BlackElo "2010"]
[PlyCount "59"]
[EventDate "2019.07.06"]
[EventType "swiss"]
[EventRounds "9"]
[EventCountry "POL"]
[SourceTitle "CBM 191 Extra"]
[Source "ChessBase"]
[SourceDate "2019.09.30"]
[SourceVersion "1"]
[SourceVersionDate "2019.09.30"]
[SourceQuality "1"]

1. e4 g6 2. d4 Bg7 3. Nc3 d6 4. Be3 a6 5. Qd2 b5 6. h4 h5 7. Nh3 Bxh3 8. Rxh3 Nd7 9. 0-0-0 c6 10. Kb1 Qc7 11. f4 Nh6 12. Bd3 Nb6 13. b3 b4 14. Ne2 a5 15. Rf3 Ng4 16. f5 gxf5 17. Rxf5 e6 18. Rf3 a4 19. Qxb4 axb3 20. cxb3 0-0 21. Qd2 c5 22. Rc1 Qb8 23. dxc5 dxc5 24. Rxc5 Rd8 25. Rb5 Ra6 26. Nf4 Ne5 27. Rg3 Nxd3 28. Nxh5 Ne5 29. Rxg7+ Kh8 30. Bd4 1-0

[Event "Porto Mannu op 11th"]
[Site "Porto Mannu"]
[Date "2019.06.07"]
[Round "8"]
[White "Lisowski, Krzysztof"]
[Black "Zimina, Olga"]
[Result "0-1"]
[WhiteElo "2191"]
[BlackElo "2367"]
[PlyCount "64"]
[EventDate "2019.06.01"]
[EventType "swiss"]
[EventRounds "9"]
[EventCountry "ITA"]
[SourceTitle "CBM 190 Extra"]
[Source "ChessBase"]
[SourceDate "2019.07.15"]
[SourceVersion "1"]
[SourceVersionDate "2019.07.15"]
[SourceQuality "1"]

1. e4 e5 2. Nf3 Nc6 3. Bc4 Bc5 4. c3 Nf6 5. d4 exd4 6. e5 d5 7. Be2 d3 8. exf6 dxe2 9. Qxe2+ Be6 10. b4 Bf8 11. b5 Na5 12. fxg7 Bxg7 13. Bg5 Qd6 14. 0-0 0-0 15. Nd4 Nc4 16. Nd2 Qe5 17. Qxe5 Nxe5 18. f4 h6 19. Be7 Rfe8 20. Ba3 Ng4 21. N2f3 Bd7 22. Bb4 Re4 23. g3 a5 24. Bc5 b6 25. Ba3 Ne3 26. Rf2 Nc4 27. Bc1 Bg4 28. Nd2 Re1+ 29. Rf1 Rxc1 30. Raxc1 Nxd2 31. Rf2 Ne4 32. Rfc2 Nxc3 0-1

[Event "Porto Mannu op 11th"]
[Site "Porto Mannu"]
[Date "2019.06.03"]
[Round "4"]
[White "Moroni, Luca Jr"]
[Black "Lisowski, Krzysztof"]
[Result "1-0"]
[WhiteElo "2553"]
[BlackElo "2191"]
[PlyCount "69"]
[EventDate "2019.06.01"]
[EventType "swiss"]
[EventRounds "9"]
[EventCountry "ITA"]
[SourceTitle "CBM 190 Extra"]
[Source "ChessBase"]
[SourceDate "2019.07.15"]
[SourceVersion "1"]
[SourceVersionDate "2019.07.15"]
[SourceQuality "1"]

1. c4 Nf6 2. Nc3 e6 3. e4 d5 4. e5 d4 5. exf6 dxc3 6. bxc3 Qxf6 7. d4 b6 8. Be2 Bb7 9. Bf3 Bxf3 10. Nxf3 Bd6 11. Qa4+ c6 12. 0-0 0-0 13. Re1 Rc8 14. Ng5 Qg6 15. Ne4 Bc7 16. Ba3 Nd7 17. Nd6 Bxd6 18. Bxd6 Nf6 19. Re3 h5 20. Rae1 Nd7 21. Qd1 Qf5 22. Rf3 Qg4 23. h3 Qg6 24. Rg3 Qf5 25. h4 f6 26. Rf3 Qg4 27. Qd3 Qxh4 28. Rxe6 Qg4 29. Re4 Qg6 30. Rg3 Qh7 31. Qe3 Nf8 32. Re7 Qb1+ 33. Kh2 Ng6 34. Qe6+ Kh8 35. Qf7 1-0

[Event "Lisbon Portugal op"]
[Site "Lisbon"]
[Date "2019.02.08"]
[Round "8"]
[White "Lisowski, Krzysztof"]
[Black "Pastar, Slaven"]
[Result "1/2-1/2"]
[WhiteElo "2135"]
[BlackElo "2330"]
[PlyCount "133"]
[EventDate "2019.02.02"]
[EventType "swiss"]
[EventRounds "9"]
[EventCountry "POR"]
[SourceTitle "CBM 188 Extra"]
[Source "ChessBase"]
[SourceDate "2019.02.26"]
[SourceVersion "1"]
[SourceVersionDate "2019.02.26"]
[SourceQuality "1"]

1. e4 e5 2. Nf3 Nc6 3. Bc4 Bc5 4. c3 Nf6 5. d4 exd4 6. e5 d5 7. Be2 d3 8. exf6 dxe2 9. Qxe2+ Kf8 10. b4 Bd6 11. b5 Na5 12. fxg7+ Kxg7 13. 0-0 Bg4 14. Be3 Re8 15. Nbd2 Qd7 16. Qd3 Kg8 17. Nd4 Bh5 18. Nf5 Bg6 19. Nh6+ Kg7 20. Qd4+ Be5 21. Qb4 Nc4 22. Nxc4 dxc4 23. Qxc4 Qd3 24. Qh4 Bxc3 25. Rac1 Bf6 26. Bg5 Bxg5 27. Qxg5 Qd8 28. Nf5+ Kh8 29. Qxd8 Raxd8 30. Ne3 Bd3 31. Rfd1 Bxb5 32. Rxd8 Rxd8 33. Rxc7 Rd7 34. Rc5 Bc6 35. h4 Kg7 36. Rc2 Kf6 37. Kf1 Rd4 38. g3 Bf3 39. Ke1 a5 40. Rc5 Ke6 41. Rxa5 Rb4 42. Rf5 Rb1+ 43. Kd2 Be4 44. Rf4 Bc6 45. Rc4 Rb2+ 46. Rc2 Rb4 47. Kc3 Ra4 48. Kb3 Ra8 49. Rc5 Rd8 50. Kc3 Be4 51. Nc4 Rd3+ 52. Kb4 Rd4 53. Kc3 Rd3+ 54. Kb4 Rd4 55. Kc3 Rd3+ 56. Kb4 Rd4 57. Kc3 Rd3+ 58. Kb4 Rd4 59. Re5+ Kf6 60. Rc5 Ke6 61. Kc3 Rd3+ 62. Kb4 Rd4 63. Kc3 Rd3+ 64. Kb4 Rd4 65. Kc3 Rd3+ 66. Kb4 Rd4 67. f3 1/2-1/2

[Event "Figueira da Foz op 12th"]
[Site "Figueira da Foz"]
[Date "2018.11.02"]
[Round "7"]
[White "Lisowski, Krzysztof"]
[Black "Piasetski, Leon David"]
[Result "0-1"]
[WhiteElo "2095"]
[BlackElo "2252"]
[PlyCount "110"]
[EventDate "2018.10.28"]
[EventType "swiss"]
[EventRounds "9"]
[EventCountry "POR"]
[SourceTitle "CBM 187 Extra"]
[Source "ChessBase"]
[SourceDate "2018.11.04"]
[SourceVersion "1"]
[SourceVersionDate "2018.11.04"]
[SourceQuality "1"]

1. e4 c6 2. d4 d5 3. exd5 cxd5 4. Bd3 Nc6 5. c3 Qc7 6. Ne2 Bg4 7. 0-0 e6 8. f3 Bh5 9. Qe1 Bg6 10. Bf4 Bd6 11. Bxd6 Qxd6 12. Bxg6 hxg6 13. Qg3 Qe7 14. b4 Nh6 15. Nd2 Nf5 16. Qf2 0-0-0 17. Nb3 Qc7 18. h3 Nd6 19. a4 Kd7 20. Nc5+ Ke7 21. Qg3 b6 22. Nd3 Rc8 23. Rae1 Nf5 24. Qg5+ Kf8 25. Nef4 Qe7 26. Qxe7+ Ncxe7 27. Rc1 g5 28. Ne2 Ng6 29. Ra1 Ke7 30. Rfb1 Nf4 31. Ndxf4 gxf4 32. Rb3 g5 33. Kf2 Rc7 34. a5 b5 35. Nc1 Rhc8 36. Ne2 a6 37. Rd1 Ng3 38. Rd3 Nxe2 39. Kxe2 Kd6 40. Kd2 f6 41. Rb1 e5 42. dxe5+ fxe5 43. Re1 Rc4 44. Rd1 d4 45. cxd4 exd4 46. Ke2 Kd5 47. Rb1 Rc2+ 48. Rd2 R8c3 49. h4 gxh4 50. Rh1 d3+ 51. Ke1 Kd4 52. Rxh4 Ke3 53. Rh6 Rc1+ 54. Rd1 d2+ 55. Kf1 Rxd1# 0-1

[Event "Figueira da Foz op 12th"]
[Site "Figueira da Foz"]
[Date "2018.11.01"]
[Round "6"]
[White "Romanishin, Oleg M"]
[Black "Lisowski, Krzysztof"]
[Result "1-0"]
[WhiteElo "2443"]
[BlackElo "2095"]
[PlyCount "49"]
[EventDate "2018.10.28"]
[EventType "swiss"]
[EventRounds "9"]
[EventCountry "POR"]
[SourceTitle "CBM 187 Extra"]
[Source "ChessBase"]
[SourceDate "2018.11.04"]
[SourceVersion "1"]
[SourceVersionDate "2018.11.04"]
[SourceQuality "1"]

1. d4 Nf6 2. Nf3 e6 3. g3 d5 4. c4 Bb4+ 5. Bd2 Be7 6. Bg2 0-0 7. 0-0 c6 8. Qb3 Nbd7 9. Bb4 b6 10. cxd5 cxd5 11. Nc3 a5 12. Bxe7 Qxe7 13. Rfc1 Ba6 14. Nb5 Rac8 15. Bf1 Ne4 16. a4 g5 17. Nc3 f5 18. Nxe4 fxe4 19. Ne5 Nxe5 20. dxe5 Rb8 21. Rc6 Bc4 22. Qe3 Rf5 23. Bh3 Rxe5 24. b3 Qd7 25. Qd4 1-0